Statistics for Generator Dash #20

Click here to take the quiz!

General Stats

  • This quiz has been taken 88 times
  • The average score is 7 of 11

Answer Stats

HintAnswer% Correct
Belly button (5)Navel
89%
Bridal cover (4)Veil
89%
European capital (6)Vienna
83%
Dream up, create (6)Invent
77%
Cartoon chipmunk (5)Alvin
70%
Indigenous, local (6)Native
60%
Manservant (5)Valet
60%
9-Letter WordVALENTINE
51%
Lack of wisdom, innocence (7)Naiveté
49%
Syria, Lebanon, Israel etc. (6)Levant
43%
Shylock, for one (8)Venetian
31%

Score Distribution

Percentile by Number Answered

Percent of People with Each Score

Your Score History

You have not taken this quiz